| 000 | 00725nam a2200205 4500 | ||
|---|---|---|---|
| 008 | 171122b xxu||||| |||| 00| 0 eng d | ||
| 020 | _a0070416982 | ||
| 082 |
_21988 _aDC 658.87 _bM56r |
||
| 245 |
_aRetail marketing : _bfor employees, managers, and entrepreneurs / _cWarren G. Meyer, ...[and others]. |
||
| 250 | _aEighth edition | ||
| 260 |
_aNew York : _bGregg Division, McGraw-Hill, _c ©1988 |
||
| 300 |
_a[xii], 580 pages : _bcolored illustration ; _c25 cm |
||
| 500 | _aIncludes index. | ||
| 650 | 0 |
_923619 _aRetail trade |
|
| 650 | 0 |
_923621 _aMarketing |
|
| 700 |
_923622 _aHarris, E. Edward, author |
||
| 700 |
_923623 _aKohns, Donald P. ,author |
||
| 700 |
_923624 _aStone, James R. , author |
||
| 942 |
_2ddc _cDC |
||
| 999 |
_c7817 _d7817 |
||